[Event "Dortmund"]
[Site "Dortmund"]
[Date "1976.??.??"]
[Round "1"]
[White "Nicolai, Werner"]
[Black "Romanishin, Oleg M"]
[Result "0-1"]
[WhiteElo "2200"]
[BlackElo "2560"]

1.d4 Nf6 2.c4 e6 3.Bg5 c5 4.d5 h6 5.Bh4 exd5 6.cxd5 Qb6 7.Bxf6 Qxf6 8.Nc3 d6
9.e4 g6 10.Bb5+ Nd7 11.Nf3 Bg7 12.O-O O-O 13.a4 a6 14.Be2 Ne5 15.Nd2 g5 16.Nc4 Nxc4
17.Bxc4 b6 18.Rc1 Re8 19.Qd3 Qd4 20.Rfe1 Qxd3 21.Bxd3 Bd7 22.b3 Reb8 23.Nd1 b5
24.a5 Re8 25.Ne3 Bb2 26.Rc2 Bd4 27.Kf1 Re5 28.f3 Bxe3 29.Rxe3 f5 30.Re1 Rae8
31.Rce2 f4 32.g4 h5 33.h3 Kf7 34.Kg2 Kf6 35.Rd1 R5e7 36.Ree1 Ke5 37.Rh1 Rh7
38.Rhg1 Reh8 39.Kf2 hxg4 40.hxg4 Rh2+ 41.Rg2 Rh1 42.Bf1 c4 43.bxc4 bxc4 44.Rg1 Rxg1
45.Kxg1 Bb5 46.Kf2 Rh2+ 47.Bg2 c3 48.Kg1 Rh8 49.Kf2 c2 50.Rc1 Bd3 51.Ke1 Rh2
52.Kd2 Kd4 53.Rg1 Bxe4 54.Kc1 Bxd5 55.Bf1 Kc3  0-1

[Event "Dortmund"]
[Site "Dortmund"]
[Date "1976.??.??"]
[Round "1"]
[White "Balinas, Rosendo Carrean"]
[Black "Ciric, Dragoljub M"]
[Result "1/2-1/2"]
[WhiteElo "2365"]
[BlackElo "2435"]

1.e4 c6 2.d4 d5 3.Nc3 dxe4 4.Nxe4 Nf6 5.Nxf6+ exf6 6.Bc4 Be7 7.Ne2 O-O 8.O-O Nd7
9.Ng3 Nb6 10.Bb3 f5 11.c3 g6  1/2-1/2

[Event "Dortmund"]
[Site "Dortmund"]
[Date "1976.??.??"]
[Round "1"]
[White "Krause, M."]
[Black "Tomic, Dragoslav"]
[Result "1/2-1/2"]
[WhiteElo "2200"]
[BlackElo "2360"]

1.Nf3 Nf6 2.g3 c5 3.c4 Nc6 4.Bg2 g6 5.O-O Bg7 6.d3 O-O 7.Nc3 d6 8.Rb1 Bd7
9.Bd2 Qc8 10.Qc1 Bh3 11.Bh6 Bxg2 12.Kxg2 Ne5 13.Bxg7 Kxg7 14.Nxe5 dxe5 15.h3 Qc6+
16.Kh2 a6  1/2-1/2

[Event "Dortmund"]
[Site "Dortmund"]
[Date "1976.??.??"]
[Round "1"]
[White "Flesch, Janos"]
[Black "Iskov, Gert"]
[Result "1/2-1/2"]
[WhiteElo "2390"]
[BlackElo "2415"]

1.Nf3 Nf6 2.g3 g6 3.Bg2 Bg7 4.O-O c5 5.c4 d5 6.cxd5 Nxd5 7.d4 cxd4 8.Nxd4 O-O
9.Nb5 Be6 10.Bxd5 Bxd5 11.N1c3 Bxc3 12.Nxc3 Be6 13.Bh6 Qxd1 14.Rfxd1 Rc8
15.Nd5 Nc6 16.Bf4 Bxd5 17.Rxd5 Rd8 18.Rxd8+ Rxd8 19.Rc1 f6  1/2-1/2

[Event "Dortmund"]
[Site "Dortmund"]
[Date "1976.??.??"]
[Round "2"]
[White "Iskov, Gert"]
[Black "Tomic, Dragoslav"]
[Result "1-0"]
[WhiteElo "2415"]
[BlackElo "2360"]

1.e4 c6 2.d3 d5 3.Nd2 dxe4 4.dxe4 Nf6 5.Ngf3 Bg4 6.Bc4 e6 7.h3 Bxf3 8.Qxf3 Nbd7
9.Bb3 Bc5 10.O-O Qc7 11.a4 h5 12.Nc4 b5 13.axb5 cxb5 14.e5 Nd5 15.Nd6+ Bxd6
16.exd6 Qxd6 17.Rd1 N7b6 18.Be3 Nc4 19.Bxa7 Qc6 20.Bd4 Rxa1 21.Rxa1 Nd2 22.Qg3 Ne7
23.Ra7 Rh6 24.Qb8+ Nc8 25.Rc7  1-0

[Event "Dortmund"]
[Site "Dortmund"]
[Date "1976.??.??"]
[Round "2"]
[White "Romanishin, Oleg M"]
[Black "Sydor, Andrzej"]
[Result "1-0"]
[WhiteElo "2560"]
[BlackElo "2425"]

1.d4 Nf6 2.c4 e6 3.Nc3 Bb4 4.g3 c5 5.Nf3 d5 6.cxd5 Nxd5 7.Bd2 cxd4 8.Nxd4 O-O
9.Bg2 Nb6 10.Ncb5 Bxd2+ 11.Qxd2 a6 12.Na3 e5 13.Nb3 Qxd2+ 14.Nxd2 Nc6 15.Bxc6 bxc6
16.Nac4 Nxc4 17.Nxc4 Rb8 18.b3 Rb5 19.Rc1 Be6 20.Kd2 Rd8+ 21.Ke3 Kf8 22.Rc2 Ke7
23.Rhc1 g5 24.Nb2 f5 25.f3 f4+ 26.Kf2 Bd5 27.gxf4 exf4 28.Nd3 Kd6 29.Nc5 Rb6
30.h4 h6 31.hxg5 hxg5 32.Rh1 Ke5 33.Rh7 Kf5 34.Ra7 Rh8 35.Nxa6 g4 36.fxg4+ Kxg4
37.Nc7 Rh2+ 38.Ke1 Rh1+ 39.Kd2 Bg2 40.Ne6 Bd5 41.Nd4 Be4 42.Rg7+ Kh4 43.Rc4 Ra1
44.Ne6 Rxa2+ 45.Ke1  1-0

[Event "Dortmund"]
[Site "Dortmund"]
[Date "1976.??.??"]
[Round "2"]
[White "Flesch, Janos"]
[Black "Balinas, Rosendo Carrean"]
[Result "1-0"]
[WhiteElo "2390"]
[BlackElo "2365"]

1.Nf3 d5 2.c4 c6 3.b3 Bg4 4.Bb2 Nd7 5.d3 Ngf6 6.Nbd2 e6 7.h3 Bh5 8.g3 Qa5
9.a3 Bxf3 10.exf3 Qb6 11.Be2 Bc5 12.O-O h5 13.b4 a5 14.Kg2 Be7 15.c5 Qc7
16.f4 O-O-O 17.Nf3 d4 18.Nxd4 Nd5 19.Bf3 g5 20.Bxd5 gxf4 21.Bxe6 fxg3 22.Bc4 Kb8
23.fxg3 Nf6 24.Rf4 Nd5 25.Rf3 Bf6 26.Ne6 fxe6 27.Bxf6 Nxf6 28.Rxf6 e5 29.Qf3 Qg7
30.Rf7 Qg6 31.Qf5  1-0

[Event "Dortmund"]
[Site "Dortmund"]
[Date "1976.??.??"]
[Round "2"]
[White "Ciric, Dragoljub M"]
[Black "Nicolai, Werner"]
[Result "1-0"]
[WhiteElo "2435"]
[BlackElo "2200"]

1.e4 e5 2.Nf3 Nc6 3.Bb5 Nge7 4.O-O d6 5.c3 g6 6.d4 Bd7 7.dxe5 Nxe5 8.Nxe5 dxe5
9.Qb3 Nc6 10.Bc4 Qe7 11.Qxb7 Rb8 12.Qa6 Bg7 13.Bd5 O-O 14.Be3 Nd4 15.cxd4 exd4
16.Bf4 Bb5 17.Qa3 Qxa3 18.Nxa3 Bxf1 19.Kxf1 Rxb2 20.Bb3 d3 21.Rd1 Re2 22.f3 Rd8
23.Bxc7 Rd7 24.Rxd3 Rxd3 25.Kxe2 Rd7 26.Bf4 Re7 27.Nb5 Kh8 28.Nd6 f6 29.a4 h5
30.a5 g5 31.Bd2 Rd7 32.Nf5 Rb7 33.Bd5 Rb2 34.Nxg7 Kxg7 35.a6 Rb6 36.Bb7 h4
37.h3  1-0

[Event "Dortmund"]
[Site "Dortmund"]
[Date "1976.??.??"]
[Round "3"]
[White "Miles, Anthony J"]
[Black "Romanishin, Oleg M"]
[Result "1/2-1/2"]
[WhiteElo "2510"]
[BlackElo "2560"]

1.c4 Nf6 2.Nc3 e5 3.Nf3 Nc6 4.d3 d5 5.cxd5 Nxd5 6.g3 Be7 7.Bg2 Be6 8.O-O O-O
9.d4 exd4 10.Nb5 d3 11.Qxd3 Ndb4 12.Qb1 Bf6 13.Nc3 Qe7 14.a3 Nd5 15.Ne4 h6
16.Nxf6+ Qxf6 17.e4 Nb6 18.b3 Rfe8 19.Bb2 Qg6 20.Bc3 f6 21.Qc2 Rad8 22.Rfe1 Qf7
23.Rab1 Nd7 24.Nd4 Nxd4 25.Bxd4 Ne5 26.Bc3 Qh5 27.Bxe5 Qxe5 28.Red1 c6 29.b4 Bg4
30.Rd2 Qe7 31.f3 Be6 32.Rbd1 a5 33.Qc3 axb4 34.axb4 Rxd2 35.Rxd2 Rd8 36.Rxd8+ Qxd8
37.Bf1 Qd1 38.Kf2 Kf7 39.f4 Ke7 40.e5 fxe5 41.f5 Bd5 42.Qxe5+ Kf7 43.Be2 Qd2  1/2-1/2

[Event "Dortmund"]
[Site "Dortmund"]
[Date "1976.??.??"]
[Round "3"]
[White "Krause, M."]
[Black "Ackermann, Hans Werner"]
[Result "1/2-1/2"]
[WhiteElo "2200"]
[BlackElo "2200"]

1.Nf3 Nf6 2.c4 e6 3.b3 b6 4.Bb2 Bb7 5.e3 Be7 6.Be2 O-O 7.O-O c5 8.Nc3 d5
9.d4 Nbd7 10.cxd5 Nxd5 11.Nxd5 Bxd5 12.Rc1 Rc8 13.dxc5 Nxc5 14.b4 Bxf3 15.gxf3 Qxd1
16.Rfxd1 Na4 17.Be5 Bxb4 18.Rxc8 Rxc8 19.Ba6 Ra8 20.Bb7 Rf8 21.Rd4 a5 22.Bc6 Nc5
23.Bd6 Rc8 24.Bb5 g6 25.a4 Nb3 26.Rd3 Nc1 27.Rd1 Na2 28.Be5 Bc3 29.Bc4 Bxe5
30.Bxa2 Rc2 31.Bb3 Rb2 32.Rd3 g5 33.Kg2 Rb1 34.Bc4 h5 35.h3 Rb2 36.Bb5 h4
37.Kf1 f5 38.Rd7 Rc2 39.Re7 g4 40.fxg4 fxg4 41.Bd3 Rc3 42.Bh7+  1/2-1/2

[Event "Dortmund"]
[Site "Dortmund"]
[Date "1976.??.??"]
[Round "3"]
[White "Balinas, Rosendo Carrean"]
[Black "Iskov, Gert"]
[Result "1/2-1/2"]
[WhiteElo "2365"]
[BlackElo "2415"]

1.e4 e5 2.Nf3 Nc6 3.Bb5 g6 4.c3 d6 5.d4 Bd7 6.O-O Bg7 7.Bg5 Nge7 8.dxe5 dxe5
9.Qb3 O-O 10.Rd1 Qe8 11.Na3 a6 12.Be2 Be6 13.Qc2 f6 14.Be3 Qf7 15.Nd2 Rfd8
16.Bc4 Bxc4 17.Naxc4 Rd7 18.a4 a5 19.Na3 Rad8 20.Nb3 b6 21.Rxd7 Rxd7 22.Rd1 Nc8
23.Nb5 N8a7 24.Nxa7 Nxa7 25.Nxa5 Bf8 26.Rxd7 Qxd7 27.Nc4 b5 28.Qd2 Qc6 29.Qd5+ Qxd5
30.exd5 bxc4 31.Bxa7 Kf7 32.Bb8 Ke7 33.Bxc7 Kd7 34.Ba5 Bc5 35.Bb4 Kd6 36.Bxc5+ Kxc5
37.Kf1 Kxd5 38.Ke2 Kc5 39.Kd2 Kb6 40.b4 cxb3 41.c4 Ka5 42.c5 Kxa4 43.c6 Ka3
44.c7 b2 45.c8=Q b1=Q 46.Qa6+ Kb3 47.Qe6+ Ka3 48.Qa6+ Kb3 49.Qb5+ Ka2 50.Qa6+ Kb3
51.Qxf6 Qb2+ 52.Ke1 Qa1+ 53.Ke2 Qb2+ 54.Ke1 Qa1+ 55.Ke2  1/2-1/2

[Event "Dortmund"]
[Site "Dortmund"]
[Date "1976.??.??"]
[Round "3"]
[White "Nicolai, Werner"]
[Black "Flesch, Janos"]
[Result "0-1"]
[WhiteElo "2200"]
[BlackElo "2390"]

1.Nf3 e6 2.c4 b6 3.g3 Bb7 4.Bg2 c5 5.O-O Nf6 6.Nc3 Be7 7.d4 cxd4 8.Nxd4 Bxg2
9.Kxg2 Qc8 10.Qd3 O-O 11.b3 a6 12.Bb2 d6 13.Qf3 Ra7 14.Rfd1 Rc7 15.Rac1 Nbd7
16.e4 Qb7 17.Qe2 Re8 18.f3 Bf8 19.Re1 Ne5 20.f4 Ned7 21.Nf3 Nc5 22.Rcd1 Rb8
23.e5 Ne8 24.Ne4 Nxe4 25.Qxe4 Qxe4 26.Rxe4 b5 27.cxb5 axb5 28.exd6 Rc2+ 29.Rd2 Rxd2+
30.Nxd2 Nxd6 31.Re1 Ra8 32.Ra1 b4 33.a3 bxa3 34.Bxa3 Nf5 35.Nc4 h5 36.Bb2 Rb8
37.Ba3 Bxa3 38.Rxa3 Rd8 39.Ra2 Rd3 40.Rb2 h4 41.Ne5 Rc3 42.b4 hxg3 43.hxg3 f6
44.Nf3 Ne3+ 45.Kh2 Nc4 46.Rf2 Kf7 47.Nh4 Rb3 48.Ra2 f5 49.Kg2 Ne3+ 50.Kf2 Ng4+
51.Kg2 Rxb4 52.Nf3 Rb6 53.Re2 Kf6 54.Ne5 Nxe5 55.Rxe5 Rb2+ 56.Kf3 g5 57.Re2 Rxe2
58.Kxe2 e5 59.fxe5+ Kxe5 60.Ke3 g4 61.Kf2 Kd4  0-1

[Event "Dortmund"]
[Site "Dortmund"]
[Date "1976.??.??"]
[Round "4"]
[White "Iskov, Gert"]
[Black "Faase, Rob"]
[Result "0-1"]
[WhiteElo "2415"]
[BlackElo "2200"]

1.e4 Nc6 2.Nf3 e5 3.Bb5 Bc5 4.O-O Nd4 5.Nxd4 Bxd4 6.c3 Bb6 7.d4 c6 8.Ba4 d6
9.Na3 Nf6 10.d5 Nxe4 11.Qf3 Nc5 12.dxc6 O-O 13.Bc2 bxc6 14.b4 Ne6 15.Qxc6 Rb8
16.Nc4 Ba6 17.Qe4 g6 18.Rd1 Bxc4 19.Qxc4 Rc8 20.Qd3 Qh4 21.Be3 Nf4 22.g3 Nxd3
23.gxh4 Nxb4 24.cxb4 Bxe3 25.fxe3 Rxc2 26.Rxd6 Rb2 27.Rc1 Rxb4 28.Ra6 Rb7
29.Rc5 Rd8 30.Kf2 Rd2+ 31.Kg3 Re7 32.h3 Kg7 33.Rca5 Rdd7 34.h5 gxh5 35.Kh4 Rd3
36.Ra3 Rxa3 37.Rxa3 Kg6 38.e4 f6 39.Rg3+ Kh6 40.Rf3 Re6 41.Ra3 a6 42.Ra5 Kg6
43.Kg3 f5 44.exf5+ Kxf5 45.Kf3 Rc6 46.h4 Rc3+ 47.Kf2 Kf4 48.Rxa6 Rc2+ 49.Kf1 e4
50.Ra7 Rh2 51.Rxh7 Rxh4 52.a4 Ke3 53.a5 Rf4+ 54.Kg1 Rf5 55.a6 Ra5 56.a7 Ke2
57.Rxh5 Rxa7 58.Rb5 Rg7+ 59.Kh2 e3  0-1

[Event "Dortmund"]
[Site "Dortmund"]
[Date "1976.??.??"]
[Round "4"]
[White "Romanishin, Oleg M"]
[Black "Krause, M."]
[Result "1-0"]
[WhiteElo "2560"]
[BlackElo "2200"]

1.e4 d6 2.d4 Nf6 3.Nc3 g6 4.Bg5 h6 5.Be3 Bg7 6.f3 Nc6 7.Qd2 e5 8.d5 Ne7 9.O-O-O g5
10.h4 g4 11.h5 Bd7 12.Nge2 Nc8 13.Ng3 a6 14.f4 Qe7 15.Bd3 Nh7 16.Rhf1 exf4
17.Rxf4 Be5 18.Nf5 Qg5 19.Rff1 Qxh5 20.Rh1 Qg6 21.Rxh6 Bxf5 22.exf5 Qg8 23.Bf4 Nf8
24.Bxe5 dxe5 25.d6 Rxh6 26.Qxh6 Nxd6 27.Nd5  1-0

[Event "Dortmund"]
[Site "Dortmund"]
[Date "1976.??.??"]
[Round "4"]
[White "Ciric, Dragoljub M"]
[Black "Miles, Anthony J"]
[Result "1/2-1/2"]
[WhiteElo "2435"]
[BlackElo "2510"]

1.e4 c5 2.Nf3 e6 3.d4 cxd4 4.Nxd4 a6 5.Nc3 Qc7 6.g3 Bb4 7.Ne2 Be7 8.Bg2 Nf6
9.O-O Nc6 10.h3 O-O 11.f4 d6 12.g4 d5 13.exd5 Rd8 14.f5 exf5 15.gxf5 Nb4
16.Be3 Qd6 17.Nf4 Bxf5 18.Rf2 Qe5 19.Bd4 Qc7 20.Nh5 Bxc2 21.Rxc2 Nxc2 22.Nxf6+ Bxf6
23.Bxf6 Nxa1 24.Bxd8 Rxd8 25.Qxa1 Re8 26.Qc1 f5 27.Qd2 Qd6 28.Ne2 Re5  1/2-1/2

[Event "Dortmund"]
[Site "Dortmund"]
[Date "1976.??.??"]
[Round "4"]
[White "Balinas, Rosendo Carrean"]
[Black "Nicolai, Werner"]
[Result "1-0"]
[WhiteElo "2365"]
[BlackElo "2200"]

1.e4 c5 2.Nf3 e6 3.c3 d5 4.e5 Nc6 5.d4 Qb6 6.Be2 cxd4 7.cxd4 Bb4+ 8.Kf1 h5
9.a3 Be7 10.b4 a6 11.Nc3 Nh6 12.Bd3 Nf5 13.Ne2 Bd7 14.h4 Na7 15.Bxf5 exf5
16.Nf4 Be6 17.Bd2 Rc8 18.Rh3 g6 19.Rg3 Kd7 20.Kg1 Rc4 21.Qe1 Nb5 22.Qe3 Rhc8
23.Ne2 Qd8 24.a4 Na7 25.Ng5 Bxg5 26.Rxg5 b6 27.b5 a5 28.Nf4 Qe7 29.Qf3 Rxd4
30.Be3 Qb4 31.Bxd4 Qxd4 32.Rd1 Qxe5 33.Nxd5 Ke8 34.Nxb6 Rb8 35.Qd3 Qc7 36.Nd5 Qc5
37.b6 Nc6 38.Nc7+ Ke7 39.Na6 Qe5 40.Nxb8 Qxb8 41.Qb1  1-0

[Event "Dortmund"]
[Site "Dortmund"]
[Date "1976.??.??"]
[Round "4"]
[White "Flesch, Janos"]
[Black "Sydor, Andrzej"]
[Result "1/2-1/2"]
[WhiteElo "2390"]
[BlackElo "2425"]

1.e4 e6 2.d4 d5 3.Nd2 c5 4.exd5 exd5 5.Bb5+ Nc6 6.Ngf3 Bd6 7.dxc5 Bxc5 8.O-O Ne7
9.Nb3 Bb6 10.Re1 O-O 11.Be3 Bg4  1/2-1/2

[Event "Dortmund"]
[Site "Dortmund"]
[Date "1976.??.??"]
[Round "5"]
[White "Sydor, Andrzej"]
[Black "Balinas, Rosendo Carrean"]
[Result "1-0"]
[WhiteElo "2425"]
[BlackElo "2365"]

1.Nf3 c5 2.c3 Nf6 3.d4 b6 4.Bf4 Bb7 5.e3 g6 6.Nbd2 Bg7 7.Bd3 Nc6 8.h3 d6
9.Qe2 O-O 10.O-O Re8 11.Bh2 e5 12.dxe5 Nxe5 13.Nxe5 dxe5 14.Rfd1 Qe7 15.e4 Nh5
16.Ba6 Nf4 17.Bxf4 Bxa6 18.Qxa6 exf4 19.f3 Red8 20.Nc4 Bf6 21.Qa4 Rxd1+ 22.Rxd1 Rd8
23.Qc2 b5 24.Na3 a6 25.Rd2 Qe6 26.Rxd8+ Bxd8 27.Qd2 Bc7 28.Qd5 Qxd5 29.exd5 c4
30.b3 Bd6 31.Nb1 cxb3 32.axb3 a5 33.Kf1 a4 34.b4 Be5 35.Ke2 Kf8 36.Kd3 Ke7
37.Na3 Kd6 38.Nxb5+ Kxd5 39.c4+ Ke6 40.Nc3 a3 41.Kc2 Kf5 42.Kb3 Kg5 43.c5 Kh4
44.Ne2 f5 45.b5 Bc7 46.b6 Bd8 47.Kxa3 g5 48.Kb4  1-0

[Event "Dortmund"]
[Site "Dortmund"]
[Date "1976.??.??"]
[Round "5"]
[White "Tomic, Dragoslav"]
[Black "Romanishin, Oleg M"]
[Result "0-1"]
[WhiteElo "2360"]
[BlackElo "2560"]

1.e4 c5 2.Nf3 Nc6 3.d4 cxd4 4.Nxd4 g6 5.Be3 Nf6 6.Nc3 Bg7 7.Qd2 O-O 8.Be2 d6
9.f3 d5 10.Nxc6 bxc6 11.e5 Nd7 12.f4 e6 13.Na4 Nxe5 14.Bd4 Nd7 15.Bxg7 Kxg7
16.Qc3+ Qf6 17.Qxc6 Qxf4 18.Rf1 Qxh2 19.O-O-O Rb8 20.Rh1 Qe5 21.Bd3 Nf6 22.Nc3 Bd7
23.Qa6 Qf4+ 24.Rd2 Qb4 25.Nd1 Bb5 26.Qxa7 Ra8 27.Qe3 Rxa2 28.c3 Ra1+ 29.Bb1 Qb3
30.Qh6+ Kg8 31.Nf2 Rc8  0-1

[Event "Dortmund"]
[Site "Dortmund"]
[Date "1976.??.??"]
[Round "5"]
[White "Krause, M."]
[Black "Ciric, Dragoljub M"]
[Result "0-1"]
[WhiteElo "2200"]
[BlackElo "2435"]

1.c4 Nf6 2.Nc3 e6 3.e4 c5 4.g3 Nc6 5.Bg2 d6 6.Nge2 a6 7.d3 Be7 8.O-O O-O
9.a3 Rb8 10.a4 Ne8 11.Be3 Nc7 12.d4 e5 13.dxc5 dxc5 14.Nd5 Nxd5 15.exd5 Nd4
16.Nc3 Bf5 17.Ne4 Qd7 18.Ra3 Bg6 19.f4 f5 20.Bh3 Qe8 21.Nf2 Bh5 22.g4 fxg4
23.Bxg4 Bxg4 24.Nxg4 Qg6 25.Bxd4 cxd4 26.Rg3 exf4 27.Rg2 f3 28.Rxf3 Rxf3
29.Qxf3 Rf8 30.Qd1 Qe4 31.Rf2 d3 32.Rxf8+ Bxf8 33.Nf2 Bc5 34.Kf1 Qf4 35.Qe1 Be3  0-1

[Event "Dortmund"]
[Site "Dortmund"]
[Date "1976.??.??"]
[Round "5"]
[White "Nicolai, Werner"]
[Black "Iskov, Gert"]
[Result "1/2-1/2"]
[WhiteElo "2200"]
[BlackElo "2415"]

1.d4 Nf6 2.c4 c5 3.Nf3 cxd4 4.Nxd4 a6 5.Nc3 e6 6.Nc2 b6 7.e4 Qc7 8.Be3 Bb7
9.f3 Bc5 10.Qd2 O-O 11.Bxc5 bxc5 12.Be2 Nc6 13.O-O e5 14.Nd5 Nxd5 15.exd5 Nd4
16.Bd3 Nxc2 17.Qxc2 g6 18.f4 f5 19.fxe5 Qxe5 20.Qf2 d6 21.Rae1 Qg7 22.Re6 Rad8
23.Rfe1 Bc8 24.Re7 Rf7 25.Re8+ Rxe8 26.Rxe8+ Rf8 27.Rxf8+ Kxf8 28.Bf1 Qe5
29.h3 g5 30.a3 f4 31.b4 cxb4 32.axb4 h5 33.Qb6 Ke7 34.Qc7+ Bd7 35.c5 Qxd5
36.Qxd6+ Qxd6 37.cxd6+ Kxd6 38.Bxa6 Kd5 39.Be2 h4 40.Kf2 Kd4  1/2-1/2

[Event "Dortmund"]
[Site "Dortmund"]
[Date "1976.??.??"]
[Round "5"]
[White "Faase, Rob"]
[Black "Ackermann, Hans Werner"]
[Result "1-0"]
[WhiteElo "2200"]
[BlackElo "2200"]

1.e4 c5 2.Nf3 a6 3.Nc3 b5 4.d4 c4 5.a4 b4 6.Na2 e6 7.Bxc4 d5 8.Bd3 Bb7 9.e5 Qb6
10.O-O Nc6 11.Be3 Nge7 12.Nc1 g6 13.Nb3 Nf5 14.Bg5 Bg7 15.a5 Qc7 16.Qd2 h6
17.Be3 g5 18.c3 bxc3 19.bxc3 g4 20.Ne1 h5 21.Bxf5 exf5 22.Bf4 Qd8 23.Bg5 Ne7
24.Nc5 Bc6 25.Ned3 Bb5 26.Nb7 Qc7 27.Nd6+ Kf8 28.Rfb1 Nc6 29.Nxf5 Rh7 30.Nd6 Na7
31.Nf4 Bc6 32.Qd3 Kg8 33.Qf5  1-0

[Event "Dortmund"]
[Site "Dortmund"]
[Date "1976.??.??"]
[Round "6"]
[White "Iskov, Gert"]
[Black "Ackermann, Hans Werner"]
[Result "1/2-1/2"]
[WhiteElo "2415"]
[BlackElo "2200"]

1.c4 Nf6 2.Nc3 e5 3.Nf3 e4 4.Ng5 b5 5.Qc2 bxc4 6.Ngxe4 Bb7 7.Nxf6+ Qxf6 8.e4 Bc5
9.d3 Na6 10.dxc4 O-O-O 11.a3 Rde8 12.f3 Qh4+ 13.g3 Qh5 14.Be2 Bd6 15.O-O Qh3
16.Bf4 Bc5+ 17.Kh1 f6 18.b4 Bd4 19.Rad1 Bxc3 20.Qxc3 g5 21.Be3 g4 22.c5 Rhg8
23.Bf4 Nb8 24.Qd4 Re7 25.b5 Rge8 26.Kg1 gxf3 27.Bxf3 Bxe4 28.Qf2 Qf5 29.Bxe4 Qxe4
30.c6 dxc6 31.Qxa7 cxb5 32.Rc1 Qb7 33.Qc5 Na6 34.Qf5+ Kb8 35.Rb1 Qb6+ 36.Rf2 Re1+
37.Rxe1 Rxe1+ 38.Kg2 Qc6+ 39.Kh3 Qe6 40.Qxe6 Rxe6 41.Kg4 Kc8 42.Rb2 Rb6 43.Kf5 Kd7
44.Rd2+ Ke7 45.Re2+ Kf7 46.Rd2 Ke7 47.Re2+ Kf7 48.Rd2 Ke7  1/2-1/2

[Event "Dortmund"]
[Site "Dortmund"]
[Date "1976.??.??"]
[Round "6"]
[White "Nicolai, Werner"]
[Black "Sydor, Andrzej"]
[Result "1/2-1/2"]
[WhiteElo "2200"]
[BlackElo "2425"]

1.c4 f5 2.d4 Nf6 3.Nf3 d6 4.Nc3 c6 5.Qc2 g6 6.g3 Bg7 7.Bg2 O-O 8.O-O Na6
9.a3 Nc7 10.b3 b5 11.Nd2 bxc4 12.Nxc4 Bd7 13.e3 Rc8 14.Bb2 Qe8 15.Rac1 g5
16.f4 gxf4 17.exf4 Nb5 18.Ne2 Qg6 19.Nd2 Kh8 20.Qd3 Qe8 21.Rc2 Nc7 22.Nc3 Ncd5
23.Re1 Qf7 24.Nxd5 cxd5 25.Rec1 Rxc2 26.Rxc2 Qe6 27.Nf3 Qe4 28.Qd1 Qe3+ 29.Kh1 Ne4
30.Qe2 Qxb3 31.Ne1 Bb5 32.Qf3 Qa4 33.h3 Qa5 34.Qe3 Bf6 35.Kh2 Rg8 36.Bxe4 dxe4
37.d5 Ba4 38.Bxf6+ exf6 39.Qd4 Rf8 40.Rc8 Rxc8 41.Qxf6+ Kg8 42.Qe6+ Kg7  1/2-1/2

[Event "Dortmund"]
[Site "Dortmund"]
[Date "1976.??.??"]
[Round "6"]
[White "Romanishin, Oleg M"]
[Black "Faase, Rob"]
[Result "1/2-1/2"]
[WhiteElo "2560"]
[BlackElo "2200"]

1.Nf3 Nc6 2.d4 d5 3.Bf4 Bf5 4.e3 e6 5.c4 Nf6 6.Nc3 Bb4 7.Rc1 Ne4 8.cxd5 exd5
9.Bb5 Nxc3 10.bxc3 Ba3 11.Rb1 Bxb1 12.Qxb1 Bd6 13.Bg5 Be7 14.Bf4 a6 15.Bd3 Rb8
16.Bxh7 Bd6 17.Bg5 Ne7 18.Bd3 f6  1/2-1/2

[Event "Dortmund"]
[Site "Dortmund"]
[Date "1976.??.??"]
[Round "6"]
[White "Flesch, Janos"]
[Black "Krause, M."]
[Result "1-0"]
[WhiteElo "2390"]
[BlackElo "2200"]

1.Nf3 Nf6 2.g3 g6 3.Bg2 Bg7 4.O-O O-O 5.d4 c5 6.c4 cxd4 7.Nxd4 Nc6 8.Nc3 Rb8
9.e3 a6 10.a4 Na5 11.b3 d6 12.Rb1 Bg4 13.Qd2 Qc7 14.Ba3 Nc6 15.h3 Nxd4 16.hxg4 Ne6
17.Qe2 Qa5 18.Rfc1 Rfc8 19.f4 Nc7 20.b4 Qb6 21.g5 Nh5 22.c5 dxc5 23.bxc5 Qe6
24.Kh2 Bxc3 25.Bh3 f5 26.gxf6 Qxf6 27.Bxc8 Rxc8 28.Qc4+ e6 29.Qxc3  1-0

[Event "Dortmund"]
[Site "Dortmund"]
[Date "1976.??.??"]
[Round "6"]
[White "Ciric, Dragoljub M"]
[Black "Tomic, Dragoslav"]
[Result "1-0"]
[WhiteElo "2435"]
[BlackElo "2360"]

1.e4 Nf6 2.e5 Nd5 3.d4 d6 4.c4 Nb6 5.exd6 exd6 6.Nc3 Be7 7.Be3 Na6 8.b3 c5
9.Nf3 Bf5 10.Be2 Nb4 11.Rc1 a5 12.O-O O-O 13.a3 Nc6 14.Qd2 Re8 15.Rfd1 Nd7
16.Nb5 Nf6 17.Qb2 Qb8 18.h3 Na7 19.Nxa7 Qxa7 20.g4 Bg6 21.dxc5 dxc5 22.Ne5 Qb6
23.Nxg6 hxg6 24.Bf3 Qc7 25.Rd2 a4 26.b4 cxb4 27.axb4 a3 28.Qb3 Bxb4 29.Qxb4 Rxe3
30.fxe3 Qg3+ 31.Bg2 Qxe3+ 32.Kh1 Ne4 33.Bxe4 Qxe4+ 34.Rg2 Qe3 35.Qe1 Qxh3+
36.Kg1 Qb3 37.Rg3 Qb2 38.Qc3 Qb6+ 39.c5 Qa7 40.Ra1 a2 41.Rg2 Rc8 42.Raxa2 Qxc5+
43.Qxc5 Rxc5 44.Ra8+  1-0

[Event "Dortmund"]
[Site "Dortmund"]
[Date "1976.??.??"]
[Round "7"]
[White "Sydor, Andrzej"]
[Black "Iskov, Gert"]
[Result "1/2-1/2"]
[WhiteElo "2425"]
[BlackElo "2415"]

1.d4 e6 2.c4 Nf6 3.Nc3 Bb4 4.e3 b6 5.Bd3 Bb7 6.Nf3 O-O 7.O-O c5 8.Bd2 Bxc3
9.Bxc3 Ne4 10.Bxe4 Bxe4 11.dxc5 bxc5 12.Qd6 Bxf3 13.gxf3 Qb6 14.Rfd1 Qxd6
15.Rxd6 Rc8 16.Rad1 Kf8 17.Kf1 f6 18.Ke2 Ke7 19.a3 Rc7  1/2-1/2

[Event "Dortmund"]
[Site "Dortmund"]
[Date "1976.??.??"]
[Round "7"]
[White "Tomic, Dragoslav"]
[Black "Flesch, Janos"]
[Result "0-1"]
[WhiteElo "2360"]
[BlackElo "2390"]

1.e4 c5 2.Nf3 e6 3.d4 cxd4 4.Nxd4 Nc6 5.Nc3 Qc7 6.Be3 a6 7.Be2 Nf6 8.O-O Bb4
9.Nxc6 Bxc3 10.bxc3 Qxc6 11.f3 Qxc3 12.Bd4 Qc7 13.c4 e5 14.Be3 d6 15.a4 Nd7
16.Qe1 O-O 17.Qf2 Nc5 18.Rfd1 Be6 19.a5 Rfd8 20.Rdb1 Rac8 21.h4 f6 22.Rb4 Qe7
23.Rab1 Rd7 24.g4 Bf7 25.Kh2 Ne6 26.Bf1 g5 27.h5 Nc5 28.Qb2 Qd8 29.Ra1 Rc6
30.Be2 Be6 31.Kg3 Qc8 32.Rb1 Rcc7 33.Rd1 Kf7 34.Qa3 Rc6 35.Qb2 Rcc7 36.Qb1 Rc6
37.Rd5 Qc7 38.Qa2 b6 39.axb6 Rxb6 40.Rxb6 Qxb6 41.Rd3 Rb7 42.Qd2 Ke7 43.Ra3 Qb2
44.Ra2 Qxd2 45.Bxd2 Rb3 46.Kf2 Bc8 47.Be3 Rb1 48.Ra5 Nb3 49.Ra2 a5 50.Bd3 Ra1
51.Rxa1 Nxa1 52.c5 dxc5 53.Bxc5+ Kf7 54.Bc4+ Be6 55.Bxe6+ Kxe6 56.Ke3 Nb3  0-1

[Event "Dortmund"]
[Site "Dortmund"]
[Date "1976.??.??"]
[Round "7"]
[White "Ackermann, Hans Werner"]
[Black "Romanishin, Oleg M"]
[Result "0-1"]
[WhiteElo "2200"]
[BlackElo "2560"]

1.e4 c5 2.Nf3 Nc6 3.Bb5 g6 4.O-O Bg7 5.c3 a6 6.Ba4 Nf6 7.Re1 b5 8.Bc2 d6
9.h3 Bb7 10.d4 O-O 11.d5 Nb8 12.Bf4 Nbd7 13.Nbd2 Nb6 14.Nf1 Nh5 15.Bh2 a5
16.Ne3 b4 17.Qd2 Nf6 18.Rad1 Nfd7 19.Rb1 Ba6 20.Bf4 Rb8 21.cxb4 axb4 22.Ng4 Nf6
23.Bh6 Nxg4 24.hxg4 Nc4 25.Qf4 f6 26.Bxg7 Kxg7 27.Bd3 Ra8 28.Bxc4 Bxc4 29.b3 Bb5
30.Rb2 g5 31.Qe3 Qd7 32.e5 Kh8 33.e6 Qb7 34.Qd2 Rfc8 35.Rc1 Ra5 36.Ne1 Rca8
37.Ra1 c4 38.bxc4 Bxc4 39.Rxb4 Qxd5 40.Qc3 Bxa2 41.Nf3 Qc5  0-1

[Event "Dortmund"]
[Site "Dortmund"]
[Date "1976.??.??"]
[Round "7"]
[White "Krause, M."]
[Black "Balinas, Rosendo Carrean"]
[Result "0-1"]
[WhiteElo "2200"]
[BlackElo "2365"]

1.c4 e5 2.Nc3 Nf6 3.Nf3 Nc6 4.d4 e4 5.Ng5 Bb4 6.d5 Na5 7.Qa4 Qe7 8.a3 Bxc3+
9.bxc3 b6 10.Nh3 Qc5 11.Qb4 Nxc4 12.e3 Ba6 13.a4 Nxd5 14.Qxc5 bxc5 15.Bd2 Rb8
16.Ng5 f5 17.f3 h6 18.fxe4 Ncxe3  0-1

[Event "Dortmund"]
[Site "Dortmund"]
[Date "1976.??.??"]
[Round "7"]
[White "Faase, Rob"]
[Black "Ciric, Dragoljub M"]
[Result "1/2-1/2"]
[WhiteElo "2200"]
[BlackElo "2435"]

1.e4 e5 2.Nf3 Nc6 3.Bb5 a6 4.Ba4 Nf6 5.O-O Be7 6.Re1 b5 7.Bb3 d6 8.c3 O-O
9.h3 Na5 10.Bc2 c5 11.d4 Qc7 12.Nbd2 Bd7 13.Nf1 Nc4 14.Ne3 Nxe3 15.Bxe3 Rfc8
16.Rc1 Bc6 17.Nd2 cxd4 18.cxd4 Qb7 19.d5 Be8 20.Qe2 Bd8 21.b4 Bb6 22.Bd3 Bxe3
23.Qxe3 Rxc1 24.Rxc1 Rc8 25.Nb3  1/2-1/2

[Event "Dortmund"]
[Site "Dortmund"]
[Date "1976.??.??"]
[Round "8"]
[White "Iskov, Gert"]
[Black "Romanishin, Oleg M"]
[Result "0-1"]
[WhiteElo "2415"]
[BlackElo "2560"]

1.c4 Nf6 2.Nc3 e5 3.Nf3 Nc6 4.g3 d5 5.cxd5 Nxd5 6.Bg2 Nb6 7.O-O Bg4 8.a3 a5
9.d3 Be7 10.Bd2 O-O 11.Na4 Ra6 12.b4 axb4 13.axb4 Rxa4 14.Rxa4 Nxa4 15.Qxa4 e4
16.b5 exf3 17.exf3 Bd7 18.bxc6 Bxc6 19.Qc4 Qd7 20.Rc1 Rd8 21.f4 Bxg2 22.Kxg2 c6
23.Bb4 b5 24.Qe4 Bxb4 25.Qxb4 Qxd3 26.Qc5 Qe4+ 27.Kg1 h6 28.Qe5 Qf3 29.h4 Rd1+
30.Rxd1 Qxd1+ 31.Kh2 Qd5 32.Qe7 Kh7 33.Qb7 h5 34.f3 f6 35.Kg2 Qd2+ 36.Kh3 Qd1
37.Qc8 Qh1+  0-1

[Event "Dortmund"]
[Site "Dortmund"]
[Date "1976.??.??"]
[Round "8"]
[White "Nicolai, Werner"]
[Black "Krause, M."]
[Result "0-1"]
[WhiteElo "2200"]
[BlackElo "2200"]

1.d4 Nf6 2.c4 c5 3.Nf3 g6 4.Nc3 Bg7 5.d5 e6 6.e4 exd5 7.exd5 d6 8.Be2 O-O
9.O-O Na6 10.h3 Nc7 11.Be3 Bf5 12.Bd3 Qd7 13.Kh2 Rfe8 14.Re1 b5 15.Bxf5 Qxf5
16.Nh4 Qd7 17.cxb5 Nxb5 18.Qd3 Nxc3 19.bxc3 c4 20.Qc2 Nxd5 21.Bd2 Rxe1 22.Bxe1 Re8
23.g3 Nb4 24.Qd1 Rxe1 25.Qxe1 Nc2 26.Qc1 Nxa1 27.Qxa1 d5 28.Qb2 d4 29.cxd4 Qxd4
30.Qe2 Qd3 31.Qf3 Bd4 32.Kg2 Qd2 33.Kf1 c3 34.Qe2 Qxe2+ 35.Kxe2 Bxf2 36.Nf3 Bxg3
37.Kd3 f5 38.Kxc3 Kg7 39.Kd3 Kf6 40.Ke3 Bc7 41.Kf2 g5 42.Kg2 h5 43.Nd4 g4
44.a4 Bb6 45.Ne2 Kg5  0-1